Rovná daň - základ daňovej reformy v Slovenskej republike
Rovná daň - nový nástroj daňovej politiky. Teoretický koncept rovnej dane. Výhody rovnej dane. Estónsky daňový model ako základ navrhovanej daňovej reformy. Koncept rovnej dane v podmienkach SR. Riziká zavedenia rovnej dane.
Na minha lista:
| Autor principal: | |
|---|---|
| Formato: | Capítulo de Livro |
| Idioma: | eslovaco |
| Assuntos: | |
| Tags: |
Sem tags, seja o primeiro a adicionar uma tag!
|
MARC
| LEADER | 00000naa$a2200000$$$4500 | ||
|---|---|---|---|
| 001 | 0015737 | ||
| 005 | 20240502071402.4 | ||
| 041 | 0 | |a slo | |
| 044 | |a SK | ||
| 245 | 1 | 0 | |a Rovná daň - základ daňovej reformy v Slovenskej republike |c Viera Zoričáková |
| 520 | |a Rovná daň - nový nástroj daňovej politiky. Teoretický koncept rovnej dane. Výhody rovnej dane. Estónsky daňový model ako základ navrhovanej daňovej reformy. Koncept rovnej dane v podmienkach SR. Riziká zavedenia rovnej dane. | ||
| 610 | 2 | 0 | |a politika daňová |
| 610 | 2 | 0 | |a dane rovné |
| 610 | 2 | 0 | |a dane cestné |
| 610 | 2 | 0 | |a dane nepriame |
| 610 | 2 | 0 | |a dane priame |
| 610 | 2 | 0 | |a dane spotrebné |
| 610 | 2 | 0 | |a reformy daňové |
| 610 | 2 | 0 | |a zdaňovanie |
| 610 | 2 | 0 | |a Slovensko |
| 100 | 1 | |a Zoričáková, Viera, 1960- | |